| 000 | 00927nam a2200277 a 4500 | ||
|---|---|---|---|
| 001 | 13167 | ||
| 003 | BD-RjUL | ||
| 005 | 20211208235421.0 | ||
| 008 | 140130r19651964us abc 001 0 eng d | ||
| 035 | _a(BD-RjUL)13218 | ||
| 040 |
_aDLC _beng _cDLC _dBD-RjUL |
||
| 041 | _aeng | ||
| 082 | 0 | 0 |
_a580 _bROB 1965 |
| 100 | 1 |
_aRobbins, Wilfred William, _d1884-1952. _941003 |
|
| 245 | 1 | 0 |
_aBotany : _ban introduction to plant science / _cWilfred W. Robbins, T. Elliot Weier [and] C. Ralph Stocking |
| 250 | _a3rd ed. | ||
| 260 |
_aNew York ; _aLondon : _bWiley, _cc1964 [Printing 1965, 1966]. |
||
| 300 |
_a614 p : _billus., maps, port ; _c27 cm |
||
| 500 | _aFourth ed. (1970) by T. E. Weier and others. | ||
| 500 | _aIncludes index. | ||
| 650 | 0 |
_aBotany. _941004 |
|
| 700 | 1 |
_aStocking, C. Ralph, _d1913- _941005 |
|
| 700 | 1 |
_aWeier, T. Elliot _q(Thomas Elliot), _d1903- _941006 |
|
| 942 |
_2ddc _cBK |
||
| 999 |
_c13167 _d13167 |
||